| 000 | 00000nam##2200000za#4500 |
| 001 | 9.571605 |
| 003 | CaOODSP |
| 005 | 20211126112844 |
| 007 | cr ||||||||||| |
| 008 | 150406|2002||||xxc|||||o f|0| 0 eng|d |
| 022 | |a1701-9397 |
| 040 | |aCaOODSP|beng |
| 043 | |an-cn--- |
| 086 | 1 |aFB3-2/102-24E-PDF |
| 110 | 2 |aBank of Canada. |
| 245 | 10|aFinancial structure and economic growth : |h[electronic resource]|ba non-technical survey / |cby Veronika Dolar and Césaire Meh. |
| 260 | |aOttawa - Ontario : |bBank of Canada |cSeptember 2002. |
| 300 | |a43p.|bglossary, references |
| 490 | 1 |aBank of Canada working paper|x1701-9397|v2002-24 |
| 500 | |a"There is a large body of literature that studies the relationship between financial structure... and long-run economic growth. This paper gives a non-technical survey of that literature designed for a general audience."--Abstract. |
| 500 | |aThe ISSN (1192-5434) for the print edition has been incorrectly copied in this electronic publication. |
| 504 | |aBibliography. |
| 546 | |aRésumé en français. |
| 590 | |a11-19-Supp|b2011-09-23 |
| 690 | 07|aEconomic development|2gcpds |
| 690 | 07|aEconomic indicators|2gcpds |
| 690 | 07|aFinancial services|2gcpds |
| 720 | 1 |aDolar, Veronika |
| 720 | 1 |aMeh, Césaire |
| 776 | 0#|tFinancial structure and economic growth : |w(CaOODSP)9.616087 |
| 830 | #0|aWorking paper (Bank of Canada)|x1701-9397|v2002-24|w(CaOODSP)9.504604 |
| 856 | 40|ahttp://publications.gc.ca|qPDF|s198 KB|uhttps://publications.gc.ca/collections/Collection/FB3-2-102-24E.pdf|y2002-24 |